| 000 | 00637nam a2200205Ii 4500 | ||
|---|---|---|---|
| 003 | JO-AjNU | ||
| 008 | 230605s9999||||xx |||||||||||||| ||und|| | ||
| 040 |
_aJO-AjNU _bara _erda _cJO-AjNU |
||
| 041 | _aara | ||
| 050 | 1 | 4 | _aPJ8007.2.N34 2006 |
| 100 | 3 |
_aتأليف نهر،هادي, _eauthor _911344 |
|
| 245 | 0 | 0 | _aعدن وأناشيد البحر |
| 250 | _aط1 | ||
| 264 | 3 | 1 | _aإربد: دار الأمل للنشر والتوزيع، 2006 |
| 300 | _a238ص | ||
| 336 |
_atext _btxt _2rdacontent |
||
| 337 |
_aunmediated _bn _2rdamedia |
||
| 338 |
_avolume _bnc _2rdacarrier |
||
| 650 | 4 |
_aالشعر العربي - اليمن _911345 |
|
| 999 |
_aA2277 _c5845 _d5845 |
||